El clima organizacional en la empresa Industria Harinera S.A.
Presenta un diagnóstico organizacional en la empresa Industria Harinera S.A. en las áreas dde producción y ventas. La propuesta permitirá avances en la destión del talento humano, lo cual favorecerá y permitirá lograr altos niveles de eficiencia en el desempeño y productividad personal....
| Main Authors: | , |
|---|---|
| Other Authors: | |
| Format: | Tesis Section = Libro |
| Language: | Undetermined Spanish |
| Published: |
Managua
UNI
2016
|
| Subjects: |
| LEADER | 01159nam a2200265Ia 4500 | ||
|---|---|---|---|
| 008 | 240830s9999 xx 000 0 und d | ||
| 040 | |a BIBLIOTECA-RUSB/ M.Mon 658.3145 O77 | ||
| 041 | |a spa | ||
| 082 | |a M.Mon 658.3145 O77 | ||
| 100 | 1 | |a Ortega Castillo, Sludjiva América | |
| 100 | 1 | |b Rovensky Salinas, Franco | |
| 245 | 1 | 0 | |a El clima organizacional en la empresa Industria Harinera S.A. |
| 260 | |a Managua |b UNI |c 2016 | ||
| 300 | |a 114 p. :il. | ||
| 500 | |a Contiene: anexos y CD. | ||
| 502 | |a Tesis (Máster en Gestión Empresarial) - UNI, 2016. | ||
| 520 | 3 | |a Presenta un diagnóstico organizacional en la empresa Industria Harinera S.A. en las áreas dde producción y ventas. La propuesta permitirá avances en la destión del talento humano, lo cual favorecerá y permitirá lograr altos niveles de eficiencia en el desempeño y productividad personal. | |
| 650 | 7 | |a CLIMA ORGANIZACIONAL- DIAGNOSTICO | |
| 650 | 7 | |b EMPRESA INDUSTRIAL HARINERA S.A ORGANIZACIÓN | |
| 650 | 7 | |c PRODUCTIVIDAD DEL TRABAJO | |
| 650 | 7 | |d DESEMPEÑO LABORAL | |
| 700 | 1 | |a Tutor: |b Tapia Zelaya, Fernando | |
| 942 | |c BK |2 ddc | ||
| 991 | |a TESIS | ||
| 999 | |c 19362 | ||